Najlepsi strzelcy Olympique Marsylii. - Statystyki

Ogólne statystyki
  • Ten quiz został rozwiązany 27 razy
  • Średni wynik to 5 z 15
Statystyki odpowiedzi
Lata Narodowość Ilość goli Piłkarz % Poprawnych
2013-2015, 2017-teraz Francja 49 Payet
81%
2003-2004 Wybrzeże Kości Słoniowej 32 Drogba
65%
2013-teraz Francja 80 Thauvin
54%
2007-2015 Ghana 60 Ayew
46%
1986-1992 Francja 175 Papin
46%
2006-2009 Francja 37 Cisse
35%
2010-2015 Francja 77 Gignac
31%
2006-2014 Francja 38 Valbuena
27%
2014-2016 Belgia 33 Batshuayi
23%
2005-2010 Senegal 100 Niang
19%
2010-2013 Francja 42 Remy
19%
1994-1996 Irlandia 68 Cascarino
12%
1999-2003 Wybrzeże Kości Słoniowej 34 Bakayoko
4%
1991-1992, 1993-1997 Francja 38 Libbra
4%
1988-1991 Francja 39 Sauzee
4%
Nie znaleziono quizów pasujących do podanych kryteriów
Rozkład punktacji
Procent ludzi z każdym wynikiem
Percentyl według liczby udzielonych odpowiedzi
Twoja historia wyników
Nie rozwiązałeś tego quizu